| 000 | 01185cam a22003374a 4500 | ||
|---|---|---|---|
| 001 | 199547 | ||
| 003 | OSt | ||
| 005 | 20140310181739.0 | ||
| 008 | 990712s2000 nyu 000 0 eng | ||
| 010 | _a 99038434 | ||
| 020 | _a0452280834 | ||
| 035 | _a(DLC) 99038434 | ||
| 040 |
_aDLC _cDLC |
||
| 042 | _apcc | ||
| 050 | 0 | 0 |
_aLB 1027.25 _b.K58 2000 |
| 082 | 0 | 0 |
_aTR 372.5 _bK62 2000 |
| 100 | 1 |
_aKipfer, Barbara Ann. _9434 |
|
| 245 | 0 | 0 |
_a5,001 things for kids to do / _cBarbara Ann Kipfer. |
| 246 | 3 | _aFive thousand one things for kids to do | |
| 246 | 3 | _aFive thousand and one things for kids to do | |
| 260 |
_aNew York : _bPlume, _cc2000. |
||
| 300 |
_a1 v. ; _c16 cm. |
||
| 521 | _aFaculty | ||
| 541 | _j1 | ||
| 562 | _eFor circulation. One copy available in the collection | ||
| 650 | 0 |
_aCreative activities and seat work. _9422 |
|
| 650 | 0 |
_aAmusements. _9435 |
|
| 906 |
_a7 _bcbc _corignew _d1 _eocip _f19 _gy-gencatlg |
||
| 942 |
_2lcc _cBK-TR _kTR |
||
| 999 |
_c2717 _d2717 |
||